Bernard Forthomme, Théologie de l’aventure, Paris, Le Cerf (coll. « Théologies »), 2013, 548 p., 44 € (notice n° 1658423)

détails MARC
000 -LEADER
fixed length control field 01874cam a2200169 4500500
005 - DATE AND TIME OF LATEST TRANSACTION
control field 20260208010828.0
041 ## - LANGUAGE CODE
Language code of text/sound track or separate title fre
042 ## - AUTHENTICATION CODE
Authentication code dc
100 10 - MAIN ENTRY--PERSONAL NAME
Personal name Dubray, Jean
Relator term author
245 00 - TITLE STATEMENT
Title Bernard Forthomme, Théologie de l’aventure, Paris, Le Cerf (coll. « Théologies »), 2013, 548 p., 44 €
260 ## - PUBLICATION, DISTRIBUTION, ETC.
Date of publication, distribution, etc. 2014.<br/>
500 ## - GENERAL NOTE
General note 73
520 ## - SUMMARY, ETC.
Summary, etc. Comment Joseph Raphson conçoit-il l’espace, dans son rapport à la détermination newtonienne de l’espace absolu ? La position radicale de Raphson, qui fait de l’espace un attribut stricto sensu de Dieu, ne permet guère d’éclairer les enjeux théologiques de la position de Newton. D’une part, Raphson n’appartenait pas réellement au cercle des newtoniens. D’autre part, et surtout, il pousse à ses limites la notion d’espace absolu en en faisant une entité spirituelle qui est en même temps ce que les corps ont de plus intime. Il s’engage ainsi dans une métaphysique que Newton refuse.
520 ## - SUMMARY, ETC.
Summary, etc. Raphson and Newton. The Theologization of SpaceHow did Joseph Raphson conceive space, especially in its relation to the newtonian conception of absolute space? Raphson’s radical position, which considered space to be an attribute of God stricto sensu, does not shed much light on the theological issues raised by Newton’s conceptions. On the one hand, Raphson did not really belong to the Newtonian inner circle. On the other hand, and most specifically, he overstretched the very notion of absolute space by turning it into a spiritual entity that itself constituted the very essence of bodies. By so doing, he paved the way for a metaphysics Newton refused.
786 0# - DATA SOURCE ENTRY
Note Revue philosophique de la France et de l'étranger | 139 | 1 | 2014-02-01 | p. 91s-113s | 0035-3833
856 41 - ELECTRONIC LOCATION AND ACCESS
Uniform Resource Identifier <a href="https://shs.cairn.info/revue-philosophique-2014-1-page-91s?lang=fr&redirect-ssocas=7080">https://shs.cairn.info/revue-philosophique-2014-1-page-91s?lang=fr&redirect-ssocas=7080</a>

Pas d'exemplaire disponible.

PLUDOC

PLUDOC est la plateforme unique et centralisée de gestion des bibliothèques physiques et numériques de Guinée administré par le CEDUST. Elle est la plus grande base de données de ressources documentaires pour les Étudiants, Enseignants chercheurs et Chercheurs de Guinée.

Adresse

627 919 101/664 919 101

25 boulevard du commerce
Kaloum, Conakry, Guinée

Réseaux sociaux

Powered by Netsen Group @ 2025